00975cam a2200265 a 450000500170000000800410001702000150005804000230007304100080009604400070010408200160011110000570012724500810018425000520026526000800031730000330039749000590043050400420048965000260053165000290055765000280058665000270061470000310064170000370067220180803170306.0020212s1998 ck r 00010 spa d a9589328075 ala cladCO-BoIAVH0 aspa ack04a338.1bB42p1 aBejarano Avila, Jesús Antonio, d1946-1999.eautor14aUna política comercial de transición / cJesús Antonio Bejarano Avila. aEditores Elizabeth Meek, Hugo Aldana Navarrete. aBogotá : bMinisterio de Agricultura y Desarrollo Rural : bIICA, c1998. a68 páginas ; c24 x 16 cm.0 aColección documentos IICA serie competitividad ; v1 aIncluye referencias bibliográficas.16aPolítica comercial.26aCompetencia económica.26aPolítica económica.26aPolítica de precios.1 aMeek, Elizabeth, eeditora1 aAldana Navarrete, Hugo, eeditor